Statistics for Länder Som Ligger Närmast Sverige

Click here to take the quiz!

General Stats

  • This quiz has been taken 1 283 times
  • The average score is 17 of 20

Answer Stats

kmland% Correct
0Finland
100%
4Danmark
99%
0Norge
99%
72Tyskland
97%
208Ryssland
94%
154Polen
93%
150Estland
92%
144Lettland
89%
195Litauen
88%
433Nederländerna
85%
658Belgien
84%
776Frankrike
83%
515Vitryssland
76%
710Österrike
75%
685Storbritannien
74%
732Luxemburg
71%
480Tjeckien
71%
718Slovakien
67%
694Ukraina
60%
846Ungern
56%

Score Distribution

Percentile by Number Answered

Percent of People with Each Score

Your Score History

You have not taken this quiz